Catálogo
 En Linea

Cruzando el umbral de la esperanza / (Registro nro. 14723)

Detalles MARC
000 -CABECERA
campo de control de longitud fija 01156cam a2200301 a 4500
001 - NÚMERO DE CONTROL
campo de control 000015151
005 - FECHA Y HORA DE LA ÚLTIMA TRANSACCIÓN
campo de control 20200929163953.0
008 - DATOS DE LONGITUD FIJA--INFORMACIÓN GENERAL
campo de control de longitud fija 960214s1994 sp a 000 0 spa
010 ## - NÚMERO DE CONTROL DE LA BIBLIOTECA DEL CONGRESO
Número de control de LC 96115477
020 ## - NÚMERO INTERNACIONAL ESTÁNDAR DEL LIBRO
Número Internacional Estándar del Libro 067976562X
040 ## - FUENTE DE LA CATALOGACIÓN
Centro catalogador/agencia de origen DO-SdBNP
Centro/agencia transcriptor DLC
Centro/agencia modificador DLC
041 1# - CÓDIGO DE LENGUA
Código de lengua del texto/banda sonora o título independiente spa
Código de lengua original ita
082 ## - NÚMERO DE LA CLASIFICACIÓN DECIMAL DEWEY
Número de clasificación 261
Número de documento/Ítem J91c
049 ## - FONDOS LOCALES (OCLC)
Fondos de biblioteca BNGR
100 0# - ENTRADA PRINCIPAL--NOMBRE DE PERSONA
Nombre de persona Juan Pablo
Numeración II,
Títulos y otros términos asociados al nombre Papa,
Fechas asociadas al nombre 1920-2005.
9 (RLIN) 10991
240 10 - TÍTULO UNIFORME
Título uniforme Varcare la soglia della speranza.
Lenguaje de la obra Español
-- Código de idiomas MARC
245 10 - MENCIÓN DE TÍTULO
Título Cruzando el umbral de la esperanza /
Mención de responsabilidad, etc. por Su Santidad Juan Pablo II ; editado por Vittorio Messori ; traducido del italiano por Pedro Antonio Urbina.
260 ## - PUBLICACIÓN, DISTRIBUCIÓN, ETC.
Lugar de publicación, distribución, etc. Barcelona :
Nombre del editor, distribuidor, etc. Plaza & Janes,
Fecha de publicación, distribución, etc. 1994.
300 ## - DESCRIPCIÓN FÍSICA
Extensión 221 p. :
Otras características físicas il. ;
Dimensiones 22 cm.
534 ## - NOTA SOBRE LA VERSIÓN ORIGINAL
Encabezamiento principal del original Título original:
Mención de título del original Varcare la soglia della speranza
600 00 - PUNTO DE ACCESO ADICIONAL DE MATERIA--NOMBRE DE PERSONA
Nombre de persona JOHN PAUL
Numeración II,
Títulos y otros términos asociados al nombre PAPA,
Fechas asociadas al nombre 1920-2005
Subdivisión de forma ENTREVISTAS
9 (RLIN) 34286
610 20 - PUNTO DE ACCESO ADICIONAL DE MATERIA--NOMBRE DE ENTIDAD CORPORATIVA
Nombre de entidad corporativa o nombre de jurisdicción como elemento de entrada IGLESIA CATÓLICA
Subdivisión general DOCTRINAS.
9 (RLIN) 34287
650 #4 - PUNTO DE ACCESO ADICIONAL DE MATERIA--TÉRMINO DE MATERIA
Término de materia o nombre geográfico como elemento de entrada Iglesia católica
Subdivisión de forma Papal documents.
9 (RLIN) 34288
650 #4 - PUNTO DE ACCESO ADICIONAL DE MATERIA--TÉRMINO DE MATERIA
Término de materia o nombre geográfico como elemento de entrada Cristianismo
Subdivisión cronológica SIGLO XX
9 (RLIN) 34289
700 1# - PUNTO DE ACCESO ADICIONAL--NOMBRE DE PERSONA
Nombre de persona Messori, Vittorio,
Término indicativo de función/relación ed.
Fechas asociadas al nombre 1941-
9 (RLIN) 34290
700 1# - PUNTO DE ACCESO ADICIONAL--NOMBRE DE PERSONA
Nombre de persona Urbina, Pedro Antonio
Término indicativo de función/relación tr.
9 (RLIN) 34291
910 ## - DATOS DE OPCIÓN DEL USUARIO (OCLC)
Datos de opción del usuario Catalogación derivada
Existencias
Estado de retiro Estado de pérdida Restricciones de uso No para préstamo Código de colección Localización permanente Ubicación/localización actual Ubicación en estantería Fecha de adquisición Número de inventario Total de préstamos Signatura topográfica completa Código de barras Fecha visto por última vez Precio válido a partir de Tipo de ítem Koha
    Préstamo interno   Monografías: Libros y Folletos General General En catalogación 01.02.2010 LF1   261 J91c 15151-10 25.06.2020 25.06.2020 Préstamo interno

Con tecnología Koha